|
|
|
|
| LEADER |
00824cam a2200217 7i4500 |
| 001 |
0000033093 |
| 005 |
20231227090000.0 |
| 008 |
100826 eng |
| 020 |
|
|
|a 9788126127504 (hbk.)
|
| 020 |
|
|
|a 8126127503 (hbk.)
|
| 090 |
0 |
0 |
|a HQ1170
|b .W67 2006
|
| 245 |
0 |
0 |
|a Women's role in Islamic culture
|c edited by Dr. Shahid Ashraf.
|
| 260 |
|
|
|a New Delhi:
|b Anmol Pub.,
|c 2006.
|
| 300 |
|
|
|a viii, 418 p.;
|c 25 cm.
|
| 490 |
0 |
|
|a Encyclopaedia of Islamic culture and civilization series
|
| 504 |
|
|
|a Includes bibliographical references and index
|
| 650 |
0 |
0 |
|a Women --
|x Religious aspects --
|x Islam
|
| 650 |
0 |
0 |
|a Muslim women
|
| 997 |
|
|
|a Centre for Graduate Studies
|
| 997 |
|
|
|a Education & Social Sciences, Faculty
|b Islamic Studies, Department
|
| 999 |
|
|
|a 0000040008
|b BOK
|c OPEN SHELF
|e 1st Floor, Bestari Jaya
|